TWICE star signs - Statistics

General Stats
  • This quiz has been taken 149 times
  • The average score is 7 of 9
Answer Stats
Member Star sign % Correct
Jeongyeon Scorpio ♏️
83%
Momo Scorpio ♏️
83%
Nayeon Virgo ♍️
82%
Sana Capricorn ♑️
81%
Chaeyoung Taurus ♉️
81%
Jihyo Aquarius ♒️
78%
Dahyun Gemini ♊️
78%
Tzuyu Gemini ♊️
78%
Mina Aries ♈️
75%
No matching quizzes found
Score Distribution
Percent of People with Each Score
Percentile by Number Answered
Your Score History
You have not taken this quiz